|
|
|
|
| LEADER |
00000nam0a2200000 4500 |
| 001 |
357434 |
| 005 |
20240221125528.0 |
| 035 |
|
|
|a (RuTPU)RU\TPU\retro\14702
|
| 090 |
|
|
|a 357434
|
| 100 |
|
|
|a 20200805d1927 km y0rusy50 ca
|
| 101 |
0 |
|
|a rus
|
| 102 |
|
|
|a RU
|
| 105 |
|
|
|a ab i 001zy
|
| 181 |
|
0 |
|b e
|
| 182 |
|
0 |
|a n
|
| 183 |
|
0 |
|a nc
|2 RDAcarrier
|
| 200 |
1 |
|
|a Нарымский край
|e материалы статистико-экономического исследования 1910-11 г. г.
|e с приложением карты и фотографических снимков
|f В. Я. Нагнибеда
|
| 210 |
|
|
|a Томск
|c Изд-во ЦСУ
|d 1927
|
| 215 |
|
|
|a 640 с.
|c ил.
|e Прилож. 1 вкл. л. карт
|
| 283 |
|
|
|a volume
|
| 320 |
|
|
|a Список населенных мест: с. 632-649
|
| 606 |
1 |
|
|a Социально-экономическая статистика
|2 stltpush
|3 (RuTPU)RU\TPU\subj\36968
|9 58154
|
| 610 |
1 |
|
|a Нарым
|
| 610 |
1 |
|
|a Нарымский край
|
| 610 |
1 |
|
|a экономическое развитие
|
| 610 |
1 |
|
|a статистические данные
|
| 610 |
1 |
|
|a статистические показатели
|
| 610 |
1 |
|
|a таблицы
|
| 610 |
1 |
|
|a демографическая статистика
|
| 610 |
1 |
|
|a население
|
| 610 |
1 |
|
|a промыслы
|
| 610 |
1 |
|
|a земледелие
|
| 610 |
1 |
|
|a рыболовство
|
| 610 |
1 |
|
|a сельское хозяйство
|
| 610 |
1 |
|
|a инвентарь
|
| 610 |
1 |
|
|a транспорт
|
| 610 |
1 |
|
|a охотничий промысел
|
| 610 |
1 |
|
|a грамотность
|
| 686 |
|
|
|a У051
|2 rubbk
|
| 700 |
|
1 |
|a Нагнибеда
|b В. Я.
|
| 801 |
|
1 |
|a RU
|b 63413507
|c 20200805
|
| 801 |
|
2 |
|a RU
|b 63413507
|c 20201026
|g RCR
|
| 942 |
|
|
|c BK
|